000 00389nam a22001457a 4500
999 _c10287
_d10287
003 GBCCL
005 20241126110729.0
008 240513b ||||| |||| 00| 0 eng d
040 _cgbc
082 _aSOU HAN
_b2023
245 _aSaptuam tangthu :
_bHanship gospel centenary souvenir 1923-2023, EBCC
260 _aHanship :
_bEBCC Hanship,
_c2023
300 _a792 p
942 _2ddc
_cARCH